000 00351pab a2200157 454500
008 180718b2008 xxu||||| |||| 00| 0 eng d
100 _aReddy, C. Sheela
245 _aAmbedkar's work and mission
260 _c2008
300 _ap.11-13.
362 _a12 Apr
650 _aAmbedkar, B.R.
773 _aMainstream
908 _aN
909 _a77809
999 _c77809
_d77809